Govt. of
Madhya Pradesh

एकात्म मानवदर्शन के प्रणेता पंडित दीनदयाल उपाध्याय (Record no. 69012)

MARC details
000 -LEADER
fixed length control field 00432nam a22001097a 4500
082 ## - DEWEY DECIMAL CLASSIFICATION NUMBER
Classification number 920
100 ## - MAIN ENTRY--AUTHOR NAME
Personal name झा, डॉ अंजनी कुमार
245 ## - TITLE STATEMENT
Title एकात्म मानवदर्शन के प्रणेता पंडित दीनदयाल उपाध्याय
260 ## - PUBLICATION, DISTRIBUTION, ETC. (IMPRINT)
Place of publication जयपुर
Name of publisher लिटरेरी सर्किल
Year of publication 2025
650 ## - SUBJECT ADDED ENTRY--TOPICAL TERM
Topical Term जीवनी
942 ## - ADDED ENTRY ELEMENTS (KOHA)
Koha item type Books
Holdings
Withdrawn status Lost status Damaged status Not for loan Home library Current library Date acquired Full call number Accession Number Cost, replacement price Price effective from Koha item type
        MACL MACL 09/04/2026 920 CRH039099 995.00 09/04/2026 Books